Statistics for 50 Biggest Cities in Texas

Click here to take the quiz!

General Stats

  • This quiz has been taken 94 times
  • The average score is 24 of 50

Answer Stats

#Answer% Correct
3Dallas
100%
4Austin
99%
1Houston
99%
2San Antonio
93%
5Fort Worth
90%
6El Paso
86%
8Corpus Christi
81%
15Amarillo
79%
24Waco
75%
7Arlington
72%
9Plano
65%
12Laredo
64%
18Brownsville
60%
22McAllen
58%
34Odessa
58%
10Lubbock
57%
23Denton
56%
28Abilene
54%
13Garland
53%
11Irving
53%
26Midland
53%
14Frisco
51%
17McKinney
50%
32Beaumont
49%
20Pasadena
49%
38Tyler
47%
29
College Station
46%
19Killeen
46%
40Wichita Falls
44%
31Round Rock
42%
16Grand Prairie
40%
42San Angelo
40%
21Mesquite
36%
25Carrollton
35%
37Sugar Land
35%
30Richardson
33%
39Allen
32%
27Pearland
32%
35League City
25%
50Longview
24%
36Lewisville
22%
43New Braunfels
21%
47Bryan
18%
41Edinburg
18%
33The Woodlands
17%
46Mission
15%
48Baytown
13%
44Conroe
13%
49Temple
13%
45Atascocita
0%

Score Distribution

Percentile by Number Answered

Percent of People with Each Score

Your Score History

You have not taken this quiz